000 00600nam a22001697a 4500
003 MACL
005 20160728132853.0
008 160728b xxu||||| |||| 00| 0 eng d
040 _cMACL
041 _aHindi
082 _a100 MIS
100 _aमिश्रा, महेन्‍द्र कुमार
_965632
245 _aभारतीय दर्शन्‍ा
_cमहेन्‍द्र कुमार मिश्रा
260 _aनई दिल्‍ली
_bदिव्‍यम़ प्रकाशन
_c2014
650 _aदर्शन
_965633
942 _2ddc
_cHIN
999 _c55226
_d55226